L'artiste (Registro nro. 306)

Detalles MARC
000 -LEADER
campo de control de longitud fija 01134nas a22002291i#4500
001 - NÚMERO DE CONTROL
campo de control 306
003 - IDENTIFICADOR DE NÚMERO DE CONTROL
campo de control ES-MaACL
005 - FECHA Y HORA DE LA ÚLTIMA TRANSACCIÓN
campo de control 20250812062547.0
007 - CAMPO FIJO DE DESCRIPCIÓN FÍSICA--INFORMACIÓN GENERAL
campo de control de longitud fija t|
008 - DATOS DE LONGITUD FIJA--INFORMACIÓN GENERAL
campo de control de longitud fija 950801d18311904fr | | 1 ||re d
080 ## - NÚMERO DE LA CLASIFICACIÓN DECIMAL UNIVERSAL
Número de la Clasificación Decimal Universal 7
245 02 - MENCIÓN DEL TÍTULO
Título L'artiste
Resto del título : journal de la littérature et des beaux-arts.
260 ## - PUBLICACIÓN, DISTRIBUCIÓN, ETC.
Lugar de publicación, distribución, etc. Paris :
Nombre del editor, distribuidor, etc. Bureau de l'Artiste,
Fecha de publicación, distribución, etc. 1831-1904 (
Fabricante Adolphe Everat et Cie)
300 ## - DESCRIPCIÓN FÍSICA
Extensión 40 v. :
Otras características físicas il. ;
Dimensiones 32 cm.
310 ## - PERIODICIDAD ACTUAL
Periodicidad actual Mensual
321 ## - PERIODICIDAD ANTERIOR
Periodicidad anterior Semanal,
Fechas de la periodicidad anterior [18--]-1860
362 1# - FECHAS DE PUBLICACIÓN Y/O DESIGNACIÓN SECUENCIAL
Fecha de publicación y/o designación secuencial 1re série, t. 1 (1831)-t. 15 (1838) ; 2e série, t. 1 (1839)-t. 8 (1841) ; 3e série, t. 1 (1842)-t. 5 (1844) ; 4e série, t. 1 (1844)-t. 11 (1848) ; 5e série, t. 1 (1848)-t. 16 (1856) ; 6e série, t. 1 (1856)-t. 3 (1857) ; 7e série, t. 1 (1857)-t. 12 (1861) ; 32e année (1862)-60e année (1890) ; nouvelle série, t. 1 (1891)-t. 14 (1897) = 61e année-67e année ; nouvelle série, t. 1 (1898)-t. 4 (1904) = 68e année-74e année.
650 17 - PUNTO DE ACCESO ADICIONAL DE MATERIA--TÉRMINO DE MATERIA
Término de materia o nombre geográfico como elemento de entrada Arte
Fuente del encabezamiento o término embne
9 (RLIN) 10068
852 ## - LOCALIZACIÓN
Ubicación ES-MaACL
Número de control de estantería Z-18
Encuadernación Olim: Hem-167
866 #0 - MENCIÓN TEXTUAL DE FONDOS--UNIDAD BIBLIOGRÁFICA BÁSICA
Fondos (1836-1860), (1862), (1864) 1865 (1866-67) 1868-69 (1870-72), 1874-83, (1884).
Existencias
Estatus retirado Estado de pérdida Estado de daño No para préstamo Colección Biblioteca de origen Biblioteca actual Ubicación en estantería Fecha de adquisición Fuente de adquisición Total de préstamos Signatura topográfica completa Código de barras Visto por última vez Precio de reemplazo Tipo de ítem Koha
        Periódicos y Revistas Biblioteca del Ateneo de Madrid Biblioteca del Ateneo de Madrid Depósito Z 17/01/2008     Z-18 1000310 23/02/2023 23/02/2023 Revista